| 000 | 00385nam a22001697a 4500 | ||
|---|---|---|---|
| 003 | SGT | ||
| 020 | _a9788184485134 | ||
| 082 |
_a617.6 _bT09B |
||
| 100 | _aBATHLA, SHALU | ||
| 245 | _aTIPS & TRICKS IN PRIODONTOLOGY | ||
| 250 | _a1ST | ||
| 260 |
_aINDIA _bJAYPEE PUB _c2009 |
||
| 300 | _a197 | ||
| 650 | _aDENTISTRY | ||
| 653 | _aTIPS & TRICKS IN PRIODONTOLOGY | ||
| 942 |
_2ddc _cBK |
||
| 999 |
_c33799 _d33799 |
||